000 00404nam a22001697a 4500
003 OSt
005 20211013111205.0
008 211013b |||||||| |||| 00| 0 eng d
020 _a0133651568
040 _cHU
082 _a158.5/GEO
100 _aRICKEY L. GEORGE
_912975
245 _aGROUP COUNSELING THEORYAND PRACTICE
260 _aAMERICA
_bHALL
_c1988
300 _a256P
942 _2ddc
_cBOOKS
_n0
999 _c12358
_d12358